Търсене на истината (Запис номер 133097)
[ съкратено ]
| 000 -Лидер | |
|---|---|
| Контролно поле с фиксирана дължина | nam a22 a 4500 |
| 003 - Код на организацията, давaща контролен номер | |
| Контролно поле | BLK |
| 005 - Дата и час на последна редакция | |
| Контролно поле | 20221205113011.0 |
| 008 - Елементи от данни с фиксирана дължина | |
| fixed length control field | 180409b bul|||||r ||||||| ||bul|| |
| 010 ## - Наследен системен номер | |
| LC control number | KNG00138987000 |
| 040 ## - Източник на каталожния запис | |
| Идентификатор на билиотеката - собственик на записа | BLK |
| 041 ## - Код за език | |
| Код за езика на текст/звукозапис или на отделно заглавие | Български |
| Код за езика КДБФ | Български |
| 080 ## - УДК | |
| Текстов определител УДК | Руска литература |
| УДК код - определител по УДК | 821.161.1 |
| УДК определител | -4 |
| УДК - код + определител | 821.161.1-4 |
| 100 1# - Редна дума - Автор | |
| Автор | Бондарев, Юрий Василиевич |
| Авторска отговорност | първи автор |
| R(LIN) | 377721 |
| 139 ## - Редно поле | |
| Редна дума | Бондарев, Юрий Василиевич |
| Авторски знак | Бон - Б 62 |
| 245 10 - Сведения за заглавието | |
| Заглавие | Търсене на истината |
| Подзаглавни данни | Есета, статии, крит. очерци, интервюта |
| Редно поле (дума) | Юрий Василиевич Бондарев; състав. Катя Топчиева; прев. от рус. Донка Петкова Данчева. |
| 257 ## - Страна на издаване | |
| Страна на създаване/издаване | СССР |
| 260 ## - Област на издателските данни | |
| Име на издателя, разпространителя и проч. | Партиздат |
| Година на издаване | 1979 |
| Място на издаване, разпространение и проч. | София |
| 300 ## - Физическа характеристика | |
| Страници | 328 с., 1 л. |
| Илюстрации и др. | портр. |
| Размери/Мащаб | 20 см |
| 380 ## - Жанр | |
| Жанр | Худож. лит. |
| 500 ## - Общи забележки | |
| Забележка | Прев. от Поиск истины. - Москва, 1976 и др. статии и материали от периодичния печат. - 5 110 тир. |
| 700 1# - Други автори (авторска отговорност) | |
| Лично име | Топчиева, Катя |
| Автороска отговорност (Описва отношението между автора и произведението) | състав. |
| 9 (RLIN) | 376765 |
| 700 1# - Други автори (авторска отговорност) | |
| Лично име | Данчева, Донка Петкова |
| Автороска отговорност (Описва отношението между автора и произведението) | прев. от рус. |
| 9 (RLIN) | 269090 |
| 852 ## - Местоположение | |
| Форматна сигнатура | Цб 99932 |
| Фондова буква | Хранилище |
| 856 4# - Електронен адрес и достъп | |
| Електронен формат | pdf - файл |
| Инструкция (цена за достъп) | 0.00 |
| Права за достъп | disable |
| 856 4# - Електронен адрес и достъп | |
| Електронен формат | pdf - файл |
| Инструкция (цена за достъп) | 0.00 |
| Права за достъп | disable |
| 999 ## - СИСТЕМНИ КОНТРОЛНИ НОМЕРА | |
| Koha biblionumber | 133097 |
| Koha biblioitemnumber | 133097 |
| 942 ## - АРТИКУЛИ | |
| Вид на библиотечния материал | Книги |
| Скрит в OPAC | Не |
| Периодичен библиозапис | Да |
| 944 ## - СЪЗДАВАНЕ И РЕДАКЦИЯ на ЗАПИСА | |
| Създаване/Редакция | Създаване |
| Дата на регистрацията/редакция | 05.02.2013 |
| Статус, дата на статуса | 05.02.2013 - от С1,Р / 05.02.2013 |
| Служител, извършил регистрацията/редакцията | Кина_Георгиева |
| 944 ## - СЪЗДАВАНЕ И РЕДАКЦИЯ на ЗАПИСА | |
| Създаване/Редакция | Редакция |
| Дата на регистрацията/редакция | 05.02.2013 |
| Статус, дата на статуса | 05.02.2013 - от С1,Р / 05.02.2013 |
| 944 ## - СЪЗДАВАНЕ И РЕДАКЦИЯ на ЗАПИСА | |
| Създаване/Редакция | Редакция |
| Дата на регистрацията/редакция | 2022-12-05 |
| Статус, дата на статуса | 2022-12-05 |
| 999 ## - СИСТЕМНИ КОНТРОЛНИ НОМЕРА | |
| Koha biblioitemnumber | 133097 |
| Код за отписване | Код за изгубен артикул | Източник на класификационната схема | Код за повреда | Коз за рестрикции | Код за отдаване | Артикулен № | Име на библиотеката - собственик | Име на библиотеката, в която се намира в момента | Статус (Текущо местоположение) | Дата на вписване в системата | Местоположение - отдел | Цена в лева | Инвентарен номер | Систематично азбучна сигнатура | Баркод | Номер на екземпляра | Цена в евро | Служебна бележка | Служебен тип на артикула |
|---|---|---|---|---|---|---|---|---|---|---|---|---|---|---|---|---|---|---|---|
| Не е изгубен | Universal Decimal Classification | Не е повреден | само за читалня | ползва се в читалня | 217057 | Регионална библиотека "Любен Каравелов" Русе | Регионална библиотека "Любен Каравелов" Русе | Хранилище | 1979-01-01 | Хранилище | 1.08 | 289140 | Цб 99932 | 120000289140 | 1 | 0.55 | N: стар фонд Дата: 01.01.1979 | Книги | |
| Изтеглен | Не е изгубен | Universal Decimal Classification | Не е повреден | без рестрикции | заемане за дома | 217058 | Регионална библиотека "Любен Каравелов" Русе | Регионална библиотека "Любен Каравелов" Русе | Заемна - подръчен фонд | 1979-01-01 | Заемна - подръчен фонд | 1.08 | 290158 | П 882-4/Б 62 | 290158 | 2 | 0.55 | N: стар фонд Дата: 01.01.1979 | Книги |
| Изтеглен | Не е изгубен | Universal Decimal Classification | Не е повреден | без рестрикции | заемане за дома | 217059 | Регионална библиотека "Любен Каравелов" Русе | Регионална библиотека "Любен Каравелов" Русе | Заемна - подръчен фонд | 1979-01-01 | Заемна - подръчен фонд | 1.08 | 290160 | П 882-4/Б 62 | 290160 | 3 | 0.55 | N: стар фонд Дата: 01.01.1979 | Книги |